Customs Operation Council / (Record no. 3594)

000 -LEADER
fixed length control field nam a22 a 4500
005 - DATE AND TIME OF LATEST TRANSACTION
control field 20170523115356.0
008 - FIXED-LENGTH DATA ELEMENTS--GENERAL INFORMATION
fixed length control field 170523s1993 be ||||| |||| 00| 0 eng d
040 ## - CATALOGING SOURCE
Original cataloging agency AKMAL
082 ## - DEWEY DECIMAL CLASSIFICATION NUMBER
Classification number 382.91 CUS
090 ## - LOCALLY ASSIGNED LC-TYPE CALL NUMBER (OCLC); LOCAL CALL NUMBER (RLIN)
Classification number (OCLC) (R) ; Classification number, CALL (RLIN) (NR) 382.91
Local cutter number (OCLC) ; Book number/undivided call number, CALL (RLIN) CUS
245 10 - TITLE STATEMENT
Title Customs Operation Council /
Statement of responsibility, etc. World Customs Organization
260 ## - PUBLICATION, DISTRIBUTION, ETC.
Place of publication, distribution, etc. Brussels;
Name of publisher, distributor, etc. World Customs Organization,
Date of publication, distribution, etc. 1994
300 ## - PHYSICAL DESCRIPTION
Extent 13pages
Dimensions 30cm
500 ## - GENERAL NOTE
General note Includes listing of World Customs Organization's member.
650 10 - SUBJECT ADDED ENTRY--TOPICAL TERM
Topical term or geographic name entry element Customs Administration
General subdivision Law and legislation
9 (RLIN) 6000
710 ## - ADDED ENTRY--CORPORATE NAME
Corporate name or jurisdiction name as entry element World Customs Organization
9 (RLIN) 5917
942 ## - ADDED ENTRY ELEMENTS (KOHA)
Source of classification or shelving scheme
Koha item type Book
950 ## - LOCAL HOLDINGS (RLIN)
Permanent shelving location, LOC (RLIN) AKMAL
Holdings
Withdrawn status Lost status Source of classification or shelving scheme Damaged status Not for loan Collection code Home library Current library Shelving location Date acquired Inventory number Total Checkouts Full call number Barcode Date last seen Price effective from Koha item type
          NON-FICTION AKMAL Melaka AKMAL Melaka PINJAMAN 23.05.2017 002048   382.91 CUS 201704372 23.05.2017 23.05.2017 Book
          NON-FICTION AKMAL Melaka AKMAL Melaka PINJAMAN 23.05.2017 002049   382.91 CUS 201704612 23.05.2017 23.05.2017 Book
          NON-FICTION AKMAL Melaka AKMAL Melaka PINJAMAN 23.05.2017 002050   382.91 CUS 201704613 23.05.2017 23.05.2017 Book
          NON-FICTION AKMAL Melaka AKMAL Melaka PINJAMAN 23.05.2017 002086   382.91 CUS 201704614 23.05.2017 23.05.2017 Book
          NON-FICTION AKMAL Melaka AKMAL Melaka PINJAMAN 23.05.2017 002085   382.91 CUS 201704615 23.05.2017 23.05.2017 Book
Pusat Sumber Maklumat Dato' Haji Sarmin Md Hussin, Akademi Kastam Diraja Malaysia, Melaka
Tel: 06-2331106 | Faks: 06-2313787